LEADER 01158nam a2200265 u 4500 001 000000116575 003 CaOOAMICUS 005 20090703125536.0 008 090703s2009 it u0000u ita r 040 $aPUL$bita$dLDB 041 1 $aita$hger 100 1 $aLorenz, Konrad,$d1903-1989.$0(OLS)http://pul/name/39988 240 10$aEr redete mit dem Vieh, den Vögeln und den Fischen.$lItaliano.$0(OLS)http://pul/title/146501 245 12$aL'anello di re Salomone /$cKonrad Lorenz. 260 $aMilano :$bR.C.S. Libri ;$aMilano :$bFabbri,$cc2009. 300 $a278 p. ;$c22 cm. 490 1 $aGrande biblioteca della scienza 650 4$aEtologia.$0(OLS)http://pul/subject/23123 830 0$aGrande biblioteca della scienza.$0(OLS)http://pul/title/143993 850 $aPUL 852 $aPUL$W1$xDP2 Cons. Gen., Altre Classi 3$y97$m503 COLL 1.23$j133617$qDDC 21$B132650$CPULBib$Z2$F132650 $H111022 $82 941 1 $a9 996 $6245$aL'anello di re Salomone$9(OLS)http://pul/title/146502 996 $6260$aMilano :$bR.C.S. Libri$9(OLS)http://pul/publisher/74600 996 $6260$aMilano :$bFabbri$9(OLS)http://pul/publisher/55162 LEADER 01220nam a2200289 a 4500 001 000000172929 003 CaOOAMICUS 005 20191218181649.0 008 191218s2008 it u000 u ita r 020 $a978-88-213-0699-0* 032 $aLibriCat 040 $aPUL$bita 100 1 $aCarlotti, Paolo.$0(OLS)http://pul/name/35425 245 12$aL'altezza della vocazione dei fedeli in Cristo : $bteologia morale e spirituale in dialogo /$cPaolo Carlotti. 260 $aRoma :$bLAS,$c©2008. 300 $a174 p.;$b$c24 cm 490 1 $aIeri oggi domani ;$v49 504 $aBibliografia in nota a pič pagina. 650 4$aTeologia morale$xStudi.$0(OLS)http://pul/subject/5138 830 0$aIeri oggi domani ;$v49.$0(OLS)http://pul/title/61899 850 $aPUL 852 $aPUL$W1$xSL Religione 3$y85$m241. 6 CARPA 1$j196916$qDDC 21$B201675$CPULBib$Z2$F201675 $H133782 $82 941 1 $a9 996 $6020$a978-88-213-0699-0*$9(OLS)http://pul/number/166940 996 $6245$aL'altezza della vocazione dei fedeli in Cristo : $bteologia morale e spirituale in dialogo$9(OLS)http://pul/title/213966 996 $6260$aRoma :$bLAS$9(OLS)http://pul/publisher/48069